[Event "POL-chT U20"]
[Site "Suchedniow"]
[Date "2016.07.24"]
[Round "2.27"]
[White "Kalemba, Igor"]
[Black "Posluszny, Tomasz"]
[Result "0-1"]
[WhiteElo "1041"]
[BlackElo "1555"]
[PlyCount "90"]
[EventDate "2016.07.23"]
[EventType "team-tourn"]
[EventRounds "9"]
[EventCountry "POL"]
[SourceTitle "EXT 2019"]
[Source "ChessBase"]
[SourceDate "2018.10.10"]
[SourceVersion "1"]
[SourceVersionDate "2018.10.10"]
[SourceQuality "1"]

1. e4 c5 2. Nf3 e6 3. d4 cxd4 4. Nxd4 Nf6 5. Nc3 Nc6 6. Nxc6 bxc6 7. e5 Nd5 8. Ne4 Qa5+ 9. Bd2 Qc7 10. f4 Qb6 11. c4 Ne3 12. Qc1 Nxf1 13. Rxf1 c5 14. b3 Qc6 15. Nc3 a6 16. g3 g6 17. Qc2 Bb7 18. Be3 0-0-0 19. Kd1 d5 20. exd6 Qxd6+ 21. Kc1 Qd3 22. Re1 Bg7 23. Kb2 Be4 24. Qxd3 Rxd3 25. Rac1 Rhd8 26. Re2 Bf3 27. Ree1 Kc7 28. Rc2 Kc6 29. Rcc1 h5 30. Rc2 R8d7 31. a3 a5 32. Rcc1 Bg4 33. Rc2 Bf5 34. Rcc1 Rxc3 35. Rxc3 Rd3 36. Re2 Rxc3 37. Ka2 Rc2+ 38. Rxc2 Bxc2 39. Bd2 Kb6 40. Be3 Bd4 41. Bxd4 cxd4 42. Kb2 Be4 43. Kc1 Kc5 44. Kd2 f6 45. h3 g5 0-1

[Event "POL-chT U20"]
[Site "Suchedniow"]
[Date "2016.07.23"]
[Round "1.3"]
[White "Kalemba, Igor"]
[Black "Szczurek, Krzysztof"]
[Result "0-1"]
[WhiteElo "1041"]
[BlackElo "1926"]
[PlyCount "114"]
[EventDate "2016.07.23"]
[EventType "team-tourn"]
[EventRounds "9"]
[EventCountry "POL"]
[SourceTitle "EXT 2019"]
[Source "ChessBase"]
[SourceDate "2018.10.10"]
[SourceVersion "1"]
[SourceVersionDate "2018.10.10"]
[SourceQuality "1"]

1. e4 c5 2. Nf3 d6 3. d4 cxd4 4. Nxd4 Nf6 5. Nc3 a6 6. Bg5 e6 7. Bd3 Be7 8. Qf3 Nbd7 9. 0-0 Ne5 10. Qe2 0-0 11. f4 Qb6 12. fxe5 dxe5 13. Kh1 Qxd4 14. Rad1 Qb4 15. Rb1 Nd7 16. Bxe7 Qxe7 17. a3 b5 18. Qe3 Bb7 19. Rbd1 Rad8 20. Be2 h6 21. Rd2 Qc5 22. Qf2 Qxf2 23. Rxf2 Nb6 24. Bf3 Nc4 25. Rxd8 Rxd8 26. b3 Nxa3 27. h3 Rc8 28. Nd1 Nxc2 29. Bh5 g6 30. Bf3 Nd4 31. Rb2 Rc1 32. Kh2 Nxf3+ 33. gxf3 Rxd1 34. Rc2 Rd7 35. Kg3 f5 36. Re2 fxe4 37. fxe4 Rd4 38. Kf3 Rxe4 39. Rxe4 a5 40. Ke3 Bxe4 41. Kxe4 a4 42. Kd3 a3 43. Kc2 e4 44. b4 e3 45. Kd3 a2 46. Kxe3 a1Q 47. h4 Qe5+ 48. Kd3 Qd5+ 49. Ke3 e5 50. h5 Qd4+ 51. Kf3 e4+ 52. Kg3 e3 53. hxg6 e2 54. g7 e1R 55. Kf3 Re3+ 56. Kf2 Qd2+ 57. Kf1 Re1# 0-1